000 00707nam a2200289Ia 4500
005 20260324120212.0
008 008 260324s9999 xx 000 0 eng d
020 _a9780429256394
037 _aEBOOK
040 _aCRL
040 _beng
040 _cCRL
041 _2eng
041 _aeng
084 _qCRL
100 _aThomas A. Johnson
_91157635
245 0 _aCybersecurity
245 0 _bProtecting Critical Infrastructures from Cyber Attack and Cyber Warfare
260 _bTaylor and Francis
260 _c2015
365 _a
365 _b180
856 _uhttp://www.taylorfrancis.com/books/9780429256394
942 _cEBOOK
999 _c1749039
_d1749039